Statistics for Johnny Depp Filmography

Click here to take the quiz!

General Stats

  • This quiz has been taken 1,388 times
    (140 since last reset)
  • The average score is 33 of 137

Answer Stats

TypeYearName% Correct
Film2003Pirates of the Caribbean: The Curse of the Black Pearl
91%
Film1990Edward Scissorhands
84%
Documentary2003Charlie: The Life and Art of Charlie Chaplin
78%
Film2010Alice in Wonderland
72%
Film2005Charlie and the Chocolate Factory
72%
Film2006Pirates of the Caribbean: Dead Man's Chest
69%
Film1995Dead Man
66%
Film2007Pirates of the Caribbean: At World's End
62%
Film1999Sleepy Hollow
61%
Film1993What's Eating Gilbert Grape
61%
Film2007Sweeney Todd: The Demon Barber of Fleet Street
59%
Film2011Pirates of the Caribbean: On Stranger Tides
57%
Film1984A Nightmare on Elm Street
56%
Film201221 Jump Street
55%
TV Show1987-199021 Jump Street
55%
Film2017Pirates of the Caribbean: Dead Men Tell No Tales
55%
Film2016Alice Through the Looking Glass
50%
Film2005Corpse Bride
50%
Film2000Chocolat
49%
Film1997Donnie Brasco
49%
Film2010The Tourist
49%
Film2011Rango
48%
Film1994Ed Wood
47%
Film1998Fear and Loathing in Las Vegas
47%
Film2004Finding Neverland
46%
Film2001Blow
45%
Film2012Dark Shadows
44%
Film2004Secret Window
44%
Film2013The Lone Ranger
43%
Film1990Cry-Baby
41%
Film2015Black Mass
39%
Film2016Fantastic Beasts and Where to Find Them
39%
Film2018Fantastic Beasts: The Crimes of Grindelwald
39%
Film1986Platoon
38%
Film1999The Ninth Gate
36%
Film2011The Rum Diary
36%
Commercial2015-PresentDior
34%
Film2001From Hell
34%
Film2009Public Enemies
34%
Film1993Benny & Joon
33%
Film1995Don Juan DeMarco
32%
Film2015Mortdecai
32%
Film1999The Astronaut's Wife
31%
Film2003Once Upon a Time in Mexico
30%
Film2014Into the Woods
28%
Film2017Murder on the Orient Express
28%
Film2004The Libertine
28%
Film1995Nick of Time
27%
Film2018The Professor
27%
Film2014Transcendence
27%
Film2020Minamata
25%
Film2014Tusk
25%
Film2016Yoga Hosers
25%
Film1997The Brave
24%
Film2023Jeanne du Barry
23%
Film1985Private Resort
23%
Film2009The Imaginarium of Doctor Parnassus
23%
Film2018City of Lies
22%
Film1991Freddy's Dead: The Final Nightmare
22%
Film2000The Man Who Cried
22%
Film1993Arizona Dream
20%
Film2000Before Night Falls
20%
TV Show2012Family Guy
20%
Film2019Waiting for the Barbarians
20%
Film2004Happily Ever After
19%
Web Mini-Series2020Puffins
19%
TV Show2009SpongeBob SquarePants
19%
Film2011Jack and Jill
18%
Film2018Sherlock Gnomes
18%
Documentary Mini-Series2023Depp V Heard
17%
TV Film2016Donald Trump's The Art of the Deal: The Movie
17%
TV Show1987Hotel
17%
Music Video1991Into the Great Wide Open
17%
Film1998L.A. Without a Map
17%
Film2018London Fields
17%
Film2013Lucky Them
17%
Short Film1986R.P.G.
17%
Short Film1988R.P.G. II
17%
TV Show2004King of the Hill
14%
Web Mini-Series2021-2022Puffins Impossible
14%
Music Video2017Kill4Me
13%
Video Game2006Pirates of the Caribbean: The Legend of Jack Sparrow
13%
Music Video1994That Woman's Got Me Drinking
13%
TV Show2011Life's Too Short
12%
Documentary2011Cannes Man
11%
Short Film1985Dummies
11%
Film2023Johnny Puff: Secret Mission
11%
TV Film1986Slow Burn
11%
Music Video1993It's a Shame About Ray
10%
DocumentaryTBAJohnny's Inferno
10%
Video Game2011LEGO Pirates of the Caribbean: The Video Game
10%
DirectorTBAModi
10%
Documentary2008Gonzo: The Life and Work of Dr. Hunter S. Thompson
9%
Documentary2012For No Good Reason
8%
Short Film2017The Black Ghiandola
8%
TV Show2000The Fast Show
8%
TV Show1999The Vicar of Dibley
8%
Documentary2003Breakfast with Hunter
7%
Short Documentary2006Deep Sea
7%
TV Show1985Lady Blue
7%
Documentary2012Radioman
7%
Director1993Stuff
7%
Documentary2012Sunset Strip
7%
Music Video1995Come Together
6%
Documentary2017Rolling Stone: Stories from the Edge
6%
Music Video2017Say10
6%
Short Film2022Sea of Dawn: Adventurer's Game
6%
Documentary2002All the Love You Cannes!
5%
Director1994Banter
5%
Music Video2014Early Days
5%
Documentary2021Johnny Depp: King of Cult
5%
Documentary2002Lost in La Macha
5%
TV Special2021Premio Donostia a Johnny Depp
5%
Music Video2013Queenie Eye
5%
TV Documentary2016Tales of the Wild
5%
Documentary1999The Source
5%
TV Show2008This American Life
5%
Documentary Series1999Top Secret
5%
Documentary2012Close Up
4%
Documentary2014Don Rickles: One Night Only
4%
Documentary2007Runnin' Down a Dream
4%
Documentary2009Taste of Hollywood
4%
Documentary2011Pearl Jam Twenty
3%
Director1988The Every Cake, Neil
3%
Documentary2006Buy the Ticket, Take the Ride: Hunter S. Thompson on Film
2%
Documentary2013Don't Say No Until I Finish Talking: The Story of Richard D. Zanuck
2%
Documentary2007Joe Strummer: The Future Is Unwritten
2%
Documentary2005The Wonderful World of Roald Dahl
2%
Documentary2009When You're Strange
2%
Short Documentary2000Lowell Blues: The Words of Jack Kerouac
1%
Documentary2006When the Road Bends... Tales of a Gypsy Caravan
1%
Documentary2010In Search of Ted Demme
0%
TV Documentary2016Johnny Depp - Das Jahr der Entscheidung
0%
TV Documentary2012Johnny Depp - Idol, Rebell und Superstar
0%
Documentary2008Marc Foster - Der Weg zu 007
0%
Documentary2008Rock and a Hard Place: Another Night at the Agora
0%
Documentary1998Where It's At: The Rolling Stone State of the Union
0%

Score Distribution

Percentile by Number Answered

Percent of People with Each Score

Your Score History

You have not taken this quiz since the last reset